01260nam a2200289 a 450000100060000000300080000600500170001400800410003103500180007203500230009003500190011303500170013204000340014904100080018308200200019110000470021124501470025826000730040530000360047849000650051450001720057950400370075165000250078865000400081365000380085383000790089141904BD-RjUL20211209053452.0160607r19481945nyuabef b 001 0 eng  a(OCoLC)236643 a(OCoLC)ocm00236643 a(BD-RjUL)42022 a(NNC)2470600 dUPvMRCaBD-RjULbengcBD-RjUL aeng a333.7bPEP 19481 aPelzer, Karl J.q(Karl Josef),d1909-1980.10aPioneer settlement in the Asiatic tropics :bstudies in land utilization and agricultural colonization in southeastern Asia /cKarl J. Pelzer. aNew York, NY :bAmerican Geographical Society,c1945 [Printing 1948] axviii, 290 p. :bill. ;c26 cm.1 aAmerican Geographical Society. Special publication ;vno. 29 a"This study has been made with the cooperation of the Secretariat of the Institute of Pacific relations and constitutes a report in its International research series." aIncludes Bibliography and index. 0aReal propertyzAsia. 0aAgricultural colonieszPhilippines. 0aAgricultural colonieszIndonesia. 0aSpecial publication (American Geographical Society of New York) ;vno. 29.